| 000 | 01078nam a22002657a 4500 | ||
|---|---|---|---|
| 005 | 20240530110343.0 | ||
| 008 | 141120s2003 ua fr 000 0bara d | ||
| 017 | _a21021/2002 | ||
| 040 | _aEG-CaGPL | ||
| 082 | 0 | 4 |
_221 _a953.08\ _bق/أ ف |
| 100 | 0 | _aادم صبرة | |
| 245 | 1 | 2 |
_aالفقر والاحسان فى مصر : _bعصر سلاطين المماليك 1250 -1517 م / _cتاليف ادم صبرة ؛ ترجمة وتقديم وتعليق قاسم عبدة قاسم |
| 250 | _aط 1 | ||
| 260 |
_aالقاهرة : _bالمجلس الاعلى للثقافة ، _c2003 |
||
| 300 |
_a299 ص ؛ _c24 سم |
||
| 490 |
_aالمشروع القومى للترجمة ؛ _v509 |
||
| 650 | 0 | 4 |
_aالفقر _zمصر |
| 651 | 0 | 4 |
_aمصر _xالاحوال الاجتماعية |
| 651 | 0 | 4 |
_aمصر _xتاريخ _yعصر المماليك |
| 651 | 0 | 4 |
_aمصر _xمجاعات |
| 651 | 0 | 4 |
_aمصر _xالتسول |
| 700 | 0 |
_aقاسم عبدة قاسم _eمترجم و مقدم و معلق |
|
| 942 |
_2ddc _cBK |
||
| 999 |
_c59916 _d59916 |
||